Hotel and Food Service Marketing <A> Managerial Approach

Saved in:
Bibliographic Details
Main Author: Buttle, Francis
Format: Book
Language:English
Published: London Cassell 1993
Edition:1. ed.
Subjects:
Tags: Add Tag
No Tags, Be the first to tag this record!

MARC

LEADER 00000nam a2200000 4500
001 c006012
005 20221206075523.9
020 |a 0-304-31533-8 
041 0 |a eng 
044 |a GB 
245 1 0 |a Hotel and Food Service Marketing  |b <A> Managerial Approach  |c Francis Buttle 
250 |a 1. ed. 
264 1 |a London  |b Cassell  |c 1993 
300 |a 414 s. 
610 2 0 |a marketing 
610 2 0 |a plánovanie podnikové 
610 2 0 |a pohostinstvo 
610 2 0 |a zásobovanie 
610 2 0 |a zariadenia stravovacie 
610 2 0 |a ceny služieb 
610 2 0 |a reklama 
610 2 0 |a práca s verejnosťou 
610 2 0 |a merchandising 
610 2 0 |a distribúcia 
610 2 0 |a služby nevýrobné 
610 2 0 |a výskum trhu 
610 2 0 |a zariadenia ubytovacie 
610 2 0 |a zákazníci 
100 1 |a Buttle, Francis